000 00910nam a22002777a 4500
001 9781666812893
003 URS
005 20250819120335.0
008 250220b |||||||| |||| 00| 0 eng d
020 _a 9781666812893
040 _beng
_cURS
_dURS
100 1 _aCunningham, Henry,
_eauthor.
245 1 0 _aElectronic and electrical technology
_cHenry Cunningham.
264 1 _aCalifornia :
_bTritech Digital Media,
_c2022.
300 _a online resource.
336 _2rdacontent text txt
_atext
_btxt
337 _2rdamedia
_a computer
_bcnb
338 _2rdacarrier
_aonline
_bresource
504 _aIncludes bibliographical references.
650 0 _aElectrical engineering.
650 0 _aElectronics.
650 0 _aTechnology
_xApplications.
710 _aTritech Digital Media
856 _uhttps://tdmebooks.com/book-detail.php?book_id=NzAwMw==
_zAvailable online
942 _2lcc
_cE-BOOK
999 _c84072
_d84070